[Event "GER-ch Rapid (Women)"]
[Site "Dinkelsbuehl"]
[Date "2023.11.12"]
[Round "7"]
[White "Sieber, Fiona"]
[Black "Novikova, Margarita"]
[Result "1-0"]
[WhiteElo "2228"]
[BlackElo "1897"]
[PlyCount "93"]
[EventDate "2023.11.11"]
[EventType "swiss (rapid)"]
[EventRounds "9"]
[EventCountry "GER"]
[SourceTitle "CB47_2023"]
[SourceDate "2023.11.22"]
[SourceVersion "1"]
[SourceVersionDate "2023.11.22"]
[SourceQuality "1"]

1. e4 d5 2. exd5 Qxd5 3. Nc3 Qd6 4. d4 Nf6 5. Nf3 c6 6. Be3 Bg4 7. h3 Bf5 8. g4 Bg6 9. Qe2 Ne4 10. Nxe4 Bxe4 11. Bg2 Qb4+ 12. c3 Qa4 13. 0-0 e6 14. b3 Qa6 15. c4 Be7 16. Bd2 Bxf3 17. Qxf3 0-0 18. Bc3 Bf6 19. Qe3 Nd7 20. g5 Bd8 21. Rfe1 Bc7 22. a4 Qb6 23. c5 Qxb3 24. Reb1 Qc4 25. Rb4 Bf4 26. Rxc4 Bxe3 27. fxe3 h6 28. gxh6 gxh6 29. d5 Kh7 30. dxe6 fxe6 31. Rg4 e5 32. Be4+ Kh8 33. Rd1 Nf6 34. Bxe5 Rae8 35. Bc3 h5 36. Rf4 Re6 37. Rdf1 Kg7 38. Rxf6 Rfxf6 39. Rxf6 Rxf6 40. Kg2 h4 41. a5 Kf7 42. Bxf6 Kxf6 43. Kf3 Ke5 44. a6 bxa6 45. Bxc6 a5 46. Ba4 Kd5 47. c6 1-0

[Event "GER-ch Blitz (Women)"]
[Site "Viernheim"]
[Date "2023.07.15"]
[Round "14"]
[White "Malinowsky, Celina"]
[Black "Sieber, Fiona"]
[Result "0-1"]
[WhiteElo "1518"]
[BlackElo "2323"]
[PlyCount "46"]
[EventDate "2023.07.15"]
[EventType "tourn (blitz)"]
[EventRounds "27"]
[EventCountry "GER"]
[SourceTitle "CBM 215 Extra"]
[Source "ChessBase"]
[SourceDate "2023.09.30"]
[SourceVersion "1"]
[SourceVersionDate "2023.09.30"]
[SourceQuality "1"]

1. e4 c5 2. Nc3 Nc6 3. Bc4 e6 4. d3 a6 5. a4 Nf6 6. f4 d5 7. exd5 exd5 8. Ba2 Bg4 9. Nf3 Be7 10. 0-0 0-0 11. Qe1 Bxf3 12. Rxf3 Nd4 13. Rf2 Ng4 14. Rd2 Bh4 15. Qd1 Re8 16. g3 Re1+ 17. Qxe1 Nf3+ 18. Kh1 Nxe1 19. gxh4 Qxh4 20. Bxd5 Re8 21. Ne4 Nf3 22. Rg2 Qe1+ 23. Rg1 Qxg1# 0-1

[Event "GER-ch Blitz (Women)"]
[Site "Viernheim"]
[Date "2023.07.15"]
[Round "24"]
[White "Sieber, Fiona"]
[Black "Heinemann, Josefine"]
[Result "0-1"]
[WhiteElo "2323"]
[BlackElo "2297"]
[PlyCount "124"]
[EventDate "2023.07.15"]
[EventType "tourn (blitz)"]
[EventRounds "27"]
[EventCountry "GER"]
[SourceTitle "CBM 215 Extra"]
[Source "ChessBase"]
[SourceDate "2023.09.30"]
[SourceVersion "1"]
[SourceVersionDate "2023.09.30"]
[SourceQuality "1"]

1. e4 c5 2. Nf3 d6 3. d4 cxd4 4. Nxd4 Nf6 5. Nc3 a6 6. Be3 e5 7. Nf3 Be7 8. Bc4 0-0 9. 0-0 Be6 10. Bxe6 fxe6 11. a4 Nc6 12. Bg5 Qc7 13. Bxf6 Bxf6 14. Qe2 Nd4 15. Nxd4 exd4 16. Nb1 Rac8 17. Na3 Qc5 18. Qd3 d5 19. f3 dxe4 20. fxe4 Bg5 21. b3 Be3+ 22. Kh1 Rxf1+ 23. Qxf1 Rf8 24. Qd1 Rf2 25. Qg4 h6 26. Nc4 Kh7 27. e5 Qd5 28. Rd1 b5 29. Nxe3 dxe3 30. Re1 Qxe5 31. Qg3 Qxg3 32. hxg3 bxa4 33. bxa4 Rxc2 34. Rxe3 Rc4 35. a5 Rc5 36. Rxe6 Rxa5 37. g4 Ra4 38. Kh2 Ra3 39. Rb6 a5 40. Ra6 a4 41. Ra5 Kg6 42. Kg1 Kf6 43. Kf2 Ra1 44. Ke2 a3 45. Kf2 Ke6 46. Kg3 Kd6 47. Kf2 Kc6 48. Ra8 Kc5 49. Rc8+ Kd4 50. Rc7 Rb1 51. Ra7 Rb3 52. Rxg7 a2 53. Ra7 Rb2+ 54. Kg3 Kc3 55. Kh4 Rxg2 56. Ra6 Rh2+ 57. Kg3 Rc2 58. Kf4 Kb2 59. Rb6+ Kc1 60. Ra6 Kb1 61. Kf5 a1Q 62. Rxa1+ Kxa1 0-1

[Event "Teplice op"]
[Site "Teplice"]
[Date "2023.06.11"]
[Round "2"]
[White "Sieber, Fiona"]
[Black "Teclaf, Pawel"]
[Result "0-1"]
[WhiteElo "2297"]
[BlackElo "2576"]
[PlyCount "64"]
[EventDate "2023.06.10"]
[EventType "swiss"]
[EventRounds "9"]
[EventCountry "CZE"]
[SourceTitle "CBM 214 Extra"]
[Source "ChessBase"]
[SourceDate "2023.07.31"]
[SourceVersion "1"]
[SourceVersionDate "2023.07.31"]
[SourceQuality "1"]

1. e4 a6 2. d4 c6 3. Nf3 d5 4. e5 Bg4 5. Nbd2 e6 6. h3 Bh5 7. Nb3 Nd7 8. Be3 Ne7 9. Be2 Nf5 10. Bg5 Be7 11. Bxe7 Nxe7 12. 0-0 0-0 13. Qd2 Rc8 14. Qb4 Rc7 15. Rfe1 b6 16. a4 c5 17. dxc5 bxc5 18. Qd2 Bxf3 19. Bxf3 Ng6 20. Be2 c4 21. Nd4 Ndxe5 22. f4 Nc6 23. f5 Nxd4 24. Qxd4 exf5 25. Bf3 Rd7 26. Rad1 Qg5 27. Qc5 Qg3 28. Kf1 Nf4 29. Qe3 d4 30. Rxd4 Nxg2 31. Rxd7 Nxe3+ 32. Rxe3 f4 0-1

[Event "Vienna Schev May"]
[Site "Vienna"]
[Date "2023.05.18"]
[Round "3"]
[White "Mozny, Milos"]
[Black "Sieber, Fiona"]
[Result "0-1"]
[WhiteElo "2236"]
[BlackElo "2221"]
[PlyCount "66"]
[EventDate "2023.05.17"]
[EventType "schev"]
[EventRounds "9"]
[EventCountry "AUT"]
[SourceTitle "CBM 214 Extra"]
[Source "ChessBase"]
[SourceDate "2023.07.31"]
[SourceVersion "1"]
[SourceVersionDate "2023.07.31"]
[SourceQuality "1"]
[WhiteTeam "Team D"]
[BlackTeam "Team C"]
[WhiteTeamCountry "AUT"]
[BlackTeamCountry "AUT"]

1. d4 Nf6 2. Nf3 e6 3. c4 d5 4. g3 dxc4 5. Bg2 Bd7 6. Ne5 Bc6 7. Nxc6 Nxc6 8. Qa4 Qd7 9. Bxc6 Qxc6 10. Qxc6+ bxc6 11. 0-0 0-0-0 12. Be3 c5 13. dxc5 Nd5 14. Na3 c3 15. bxc3 Nxe3 16. fxe3 Bxc5 17. Nc4 f5 18. Rad1 Rd5 19. Rd3 Rhd8 20. Rfd1 g5 21. Kf2 Be7 22. Rxd5 Rxd5 23. Rxd5 exd5 24. Nb2 Bf6 25. Nd1 Kd7 26. Ke1 c5 27. c4 dxc4 28. Kd2 Ke6 29. Nf2 Kd5 30. g4 fxg4 31. e4+ Ke6 32. Nxg4 Be5 33. h3 h5 0-1

[Event "EU-ch (Women) 23rd"]
[Site "Petrovac"]
[Date "2023.03.28"]
[Round "10"]
[White "Osmak, Iulija"]
[Black "Sieber, Fiona"]
[Result "1-0"]
[WhiteElo "2445"]
[BlackElo "2217"]
[PlyCount "97"]
[EventDate "2023.03.18"]
[EventType "swiss"]
[EventRounds "11"]
[EventCountry "MNE"]
[SourceTitle "CBM 213 Extra"]
[Source "ChessBase"]
[SourceDate "2023.05.31"]
[SourceVersion "1"]
[SourceVersionDate "2023.05.31"]
[SourceQuality "1"]

1. d4 Nf6 2. c4 e6 3. Nc3 Bb4 4. e3 0-0 5. Bd2 b6 6. Nf3 d5 7. cxd5 exd5 8. Bd3 Bd6 9. 0-0 Re8 10. Qb1 Ba6 11. Rd1 Bxd3 12. Qxd3 c6 13. Rac1 Nbd7 14. Ne2 Rc8 15. Rc2 Ne4 16. Rdc1 Re6 17. Nf4 Rh6 18. g3 Rc7 19. Qe2 Qc8 20. Be1 Ndf6 21. Ne5 c5 22. f3 Ng5 23. g4 Bxe5 24. dxe5 Nd7 25. h4 Nxf3+ 26. Qxf3 Nxe5 27. Qg3 Rd7 28. h5 Rhd6 29. Bc3 Qe8 30. Bxe5 Qxe5 31. Rd1 d4 32. exd4 Rxd4 33. Re1 Rd1 34. Rce2 Qd4+ 35. Qf2 g5 36. h6 f6 37. Rxd1 Qxd1+ 38. Re1 Qxg4+ 39. Ng2 Kf7 40. Rf1 Rd6 41. Qc2 Qd4+ 42. Kh2 Qd3 43. Qc1 Rd4 44. Qe1 Qd2 45. Qg3 Kg6 46. Rf2 Qc1 47. Qf3 Rd6 48. Qe4+ Kh5 49. Qe8+ 1-0

[Event "EU-ch (Women) 23rd"]
[Site "Petrovac"]
[Date "2023.03.19"]
[Round "2"]
[White "Bivol, Alina"]
[Black "Sieber, Fiona"]
[Result "1-0"]
[WhiteElo "2365"]
[BlackElo "2217"]
[PlyCount "67"]
[EventDate "2023.03.18"]
[EventType "swiss"]
[EventRounds "11"]
[EventCountry "MNE"]
[SourceTitle "CBM 213 Extra"]
[Source "ChessBase"]
[SourceDate "2023.05.31"]
[SourceVersion "1"]
[SourceVersionDate "2023.05.31"]
[SourceQuality "1"]

1. e4 c5 2. Nf3 e6 3. g3 Nc6 4. Bg2 Nf6 5. d3 Be7 6. 0-0 0-0 7. Qe2 d6 8. c3 Bd7 9. Rd1 b5 10. Nbd2 Qc7 11. d4 cxd4 12. cxd4 Nb4 13. e5 Nfd5 14. Ne4 Rfc8 15. Bg5 Bf8 16. Rac1 Qb6 17. a3 Rxc1 18. Rxc1 Na6 19. exd6 Bxd6 20. b4 Nac7 21. Bd2 Rd8 22. Qd3 Bc8 23. Ne5 Ne7 24. Nxf7 Kxf7 25. Ng5+ Ke8 26. Qf3 h6 27. Qf7+ Kd7 28. Nxe6 Nxe6 29. d5 Rh8 30. dxe6+ Kd8 31. Be3 Qa6 32. Rd1 Kc7 33. Rxd6 Qxd6 34. Bf4 1-0

[Event "BL 2223 (Women)"]
[Site "Germany"]
[Date "2023.03.12"]
[Round "8.1"]
[White "Javakhishvili, Lela"]
[Black "Sieber, Fiona"]
[Result "1-0"]
[WhiteElo "2464"]
[BlackElo "2256"]
[PlyCount "53"]
[EventDate "2022.10.15"]
[EventType "team-tourn"]
[EventRounds "11"]
[EventCountry "GER"]
[SourceTitle "CBM 213 Extra"]
[Source "ChessBase"]
[SourceDate "2023.05.31"]
[SourceVersion "1"]
[SourceVersionDate "2023.05.31"]
[SourceQuality "1"]
[WhiteTeam "Schwaebisch Hall (W)"]
[BlackTeam "Rodewisch (W)"]
[WhiteTeamCountry "GER"]
[BlackTeamCountry "GER"]

1. d4 Nf6 2. Nf3 g6 3. g3 d5 4. Bg2 Bg7 5. c4 c6 6. 0-0 0-0 7. b3 a5 8. Nc3 Ne4 9. Bb2 Bf5 10. Rc1 Nxc3 11. Rxc3 Be4 12. Bh3 dxc4 13. Ng5 Bf5 14. Bxf5 gxf5 15. Rxc4 Nd7 16. Qd3 e6 17. Nf3 Nb6 18. Rc5 Nd5 19. a3 Qf6 20. Qd2 Qh6 21. Qe1 a4 22. b4 Rfd8 23. Qd1 Bf6 24. Ra5 Nb6 25. Qc2 Qf8 26. Rb1 Rd5 27. Bc1 1-0

[Event "Sitges Sunway op 9th"]
[Site "Sitges"]
[Date "2022.12.15"]
[Round "4"]
[White "Sieber, Fiona"]
[Black "Uber Gracia, Hugo"]
[Result "1-0"]
[WhiteElo "2245"]
[BlackElo "1931"]
[PlyCount "85"]
[EventDate "2022.12.12"]
[EventType "swiss"]
[EventRounds "10"]
[EventCountry "ESP"]
[SourceTitle "CBM 211 Extra"]
[Source "ChessBase"]
[SourceDate "2023.01.31"]
[SourceVersion "1"]
[SourceVersionDate "2023.01.31"]
[SourceQuality "1"]

1. e4 c6 2. d4 d5 3. e5 Bf5 4. h4 h5 5. c4 e6 6. Nc3 dxc4 7. Bxc4 Nd7 8. Nge2 Nb6 9. Bd3 Bxd3 10. Qxd3 Ne7 11. Bg5 Qd7 12. 0-0 Nf5 13. Ne4 Be7 14. Bxe7 Qxe7 15. N2g3 Nxh4 16. Nd6+ Kf8 17. f4 g6 18. a4 Nd5 19. a5 a6 20. Ra3 Nf5 21. Nge4 Qh4 22. Qd2 Qg4 23. Nxb7 h4 24. Rh3 Rb8 25. Nbc5 Nfe3 26. Rxe3 Nxe3 27. Qxe3 h3 28. g3 Rxb2 29. Nxe6+ Qxe6 30. Qa3+ Kg7 31. Qxb2 Qd5 32. Re1 Qxa5 33. Re2 Qa4 34. Kh2 Qd1 35. Nf6 Rd8 36. Rd2 Qf3 37. Qb6 Ra8 38. d5 cxd5 39. Nxd5 Rc8 40. Qf6+ Kh6 41. Ne7 Qg4 42. Qg5+ Qxg5 43. fxg5+ 1-0